ბათუმის შოთა რუსთაველის სახელმწიფო უნივერსიტეტის ბიბლიოთეკა

სიმართლე,მხოლოდ სიმართლე! (ბიბ.ჩანაწერი № 43567)

000 -LEADER
fixed length control field 00802nam a2200217Ia 4500
001 - CONTROL NUMBER
control field 10300
003 - CONTROL NUMBER IDENTIFIER
control field GE_BSU
008 - FIXED-LENGTH DATA ELEMENTS--GENERAL INFORMATION
fixed length control field 181216s||||||||xx |||||||||||||| ||und||
040 ## - CATALOGING SOURCE
Transcribing agency GE_BSU
080 ## - UNIVERSAL DECIMAL CLASSIFICATION NUMBER
Universal Decimal Classification number 821.353.1-92
100 ## - MAIN ENTRY--PERSONAL NAME
Personal name ფანჯიკიძე,გურამ
245 ## - TITLE STATEMENT
Title სიმართლე,მხოლოდ სიმართლე!
245 ## - TITLE STATEMENT
Remainder of title [წერილები]
245 ## - TITLE STATEMENT
Statement of responsibility, etc. რედ.მილიცა ჯაფარიძე.სპეც.რედ.გურამ გვერდწითელი;მხატვ.გ.ღლონტი
260 ## - PUBLICATION, DISTRIBUTION, ETC.
Place of publication, distribution, etc. თბილისი
260 ## - PUBLICATION, DISTRIBUTION, ETC.
Name of publisher, distributor, etc. მერანი
260 ## - PUBLICATION, DISTRIBUTION, ETC.
Date of publication, distribution, etc. 1990
300 ## - PHYSICAL DESCRIPTION
Extent 334გვ.20სმ.
653 ## - INDEX TERM--UNCONTROLLED
Uncontrolled term სიმართლე,მხოლოდ სიმართლე
942 ## - ADDED ENTRY ELEMENTS (KOHA)
Koha item type წიგნი
ეგზემპლარები
Withdrawn status Lost status Damaged status Not for loan Date acquired Barcode Date last seen Price effective from Koha item type
        2018-12-17 34034 2018-12-17 2018-12-17 წიგნი
        2018-12-17 34035 2018-12-17 2018-12-17 წიგნი
        2018-12-17 34036 2018-12-17 2018-12-17 წიგნი
        2018-12-17 34037 2018-12-17 2018-12-17 წიგნი